00493 2200181 4500001002100000005001700021035002500038040001200063084002200075090002200097100001200119245006900131260002800200300002800228650002600256850001200282990001700294YOGYA00000000009663920160419110922.0 a0010-081400000096356 aYOPDYOG aNus 370.114 Muc N aNus 370.114 Muc N aMuchson aNilai-Nilai Pendidikan Karakter dalam Serat Wedhatamac/ Muchson aYogyakartabOmbakc2013 aviii, 74 hlm.c; 15 cm. aNilai-Nilai Pendidika aYOPDYOG a1374-PD/B.15